000 01571nam a2200277Ia 4500
999 _c34403
_d34403
001 105
003 GE_BSU
005 20220825144230.0
008 181216s2008||||ge |||||||||||||| ||geo||
020 _a9789941007446
040 _cGE_BSU
041 _ageo
080 _a633/635(075.8) ს–21
100 _aსამადაშვილი, ცოტნე
_96613
245 _aკულტურულ მცენარეთა სელექცია და მეთესლეობა :
_b[სახელმძღვანელო სტუდენტებისათვის] /
_cცოტნე სამადაშვილი, გიორგი კაპატაძე ; [რედ. ივანე ზედგინიძე].
264 _aთბილისი :
_bშპს ”პოლიგრაფისტი”
_c2008.
300 _a267 გვ.
_b20 სმ.
501 _aლექსიკონი: გვ. 253-260.
504 _a ბიბლიოგრ.: გვ. 261-262.
653 _aბოსტნეული კულტურების სელექცია-მეთესლეობა
653 _aხეხილოვანი კულტურების სელექცია-მეთესლეობა
700 _aკაპატაძე, გიორგი.
_eავტორი
_96612
700 _aზედგინიძე, ივანე
_914553
856 _uhttps://dspace.nplg.gov.ge/bitstream/1234/6503/1/Kulturul%20_Mcenareta_%20Seleqcia-Metesleoba.pdf
942 _cBK
_2udc